000 00616nam a2200229Ia 4500
003 OSt
005 20221006160623.0
006 a|||||r|||| 00| 0
007 ta
008 221006b |||||||| |||| 00| 0 kor d
024 _a45,748
037 _bGift, KCC (Window on Korea)
_cAudio
040 _aEASL
_cEASL
_bkor
041 _2kor
_akor
082 _aCD00161-172
245 0 _aHanguke chukjeawa umsik = Korean Festival and Food
300 _ap.
_ccm.
490 _v V.2 KCD
650 _aCD
_9674465
942 _hCD00161-172
_cAUD
_2CC
999 _c1113840
_d1113840